1388 1442 1024 1503 1060 1528 1866 1910 1139 1491 1899 1302 1467 1657 1597 1006 1761 1698 1643 1319 1084 1093 1856 1671 1991 1568 1959 1652 1830 1822 1816 1410 1276 1361 1308 1623 1528 1343 1719 1379 1176 1598 1817 1561 1558 1071 1210 1950 1590 1405 1992 1290 1745 1904 1647 1173 1230 1958 1021 1693 1901 1954 1246 1597 1214 1733 1031 1726 1656 1240 1913 1125 1184 1189 1602 1785 1646 1613 1641 1727 1213 1060 1483 1021 1416 1442 1675 1472 1652 1064 1543 1756 1587 1080 1580 1082 1267 1038 1930 BCNSPRNW ULIB Ver.6.0+V

เปลี่ยนเป็นภาษาไทย

Change to English
 แสดงรายละเอียดบรรณานุกรม
  กลับหน้าหลัก

Brief Record : Get Marc (ISO 2709) : E-mail record : QR code < ปิดหน้าต่าง
LEADER : 00000nam 2200000uu 4500
001    13399111027
003     ULIB
008    110615s||||||||th 000 0 tha d
020    9789747116519
050  4 B105.S64^bป382ว 2550
100 0  ประเวศ วะสี
245 10 วิถีมนุษย์ในศตวรรษที่ ๒๑ :^bศูนย์ หนึ่ง เก้า /^cประเวศ วะสี
250    พิมพ์ครั้งที่ 4
260    กรุงเทพฯ :^bสวนเงินมีมา,^c2550
300    (22), 182 หน้า ;^c21 ซม.
650  7 จิตวิญญาณ
650  7 ปรัชญา
650  7 จิตใจและร่างกาย
650  7 อัตตา
945    ^p100^l0^i025159
995    ทศพร
999 ^a ใช้งานได้ทุกระบบ
รายการนี้ยังไม่มีแท็ก
คุณยังไม่ได้ล็อกอิน คุณสามารถมีกิจกรรมร่วมกับเว็บไซต์ได้ แต่ต้องล็อกอินก่อน ::
  ล็อกอิน

รายการสื่อสารสนเทศ

ลำดับที่ ประเภท เลขเรียก/บาร์โค้ด สถานที่ สถานะ
- ไม่พบข้อมูล -

รายการใกล้เคียง
    ผู้แต่ง [ประเวศ วะสี]

    หัวเรื่อง [จิตวิญญาณ]
    หัวเรื่อง [ปรัชญา]

BibComment


ยังไม่เคยถูกคอมเมนท์

คอมเมนท์ทรัพยากรรายการนี้
  คอมเมนท์: วิถีมนุษย์ในศตวรร..


 Copyright 2026. Bcnsprnw @Library